000 00658nam a2200289Ia 4500
005 20260324143954.0
008 008 260324s9999 xx 000 0 eng d
020 _a9780429494024
037 _aEBOOK
040 _aCRL
040 _beng
040 _cCRL
041 _2eng
041 _aeng
084 _qCRL
100 _aSteven E. Koonin
_91217600
245 0 _aComputational Physics
245 0 _bFortran Version
260 _bTaylor and Francis
260 _c1990
365 _a
365 _b305
856 _uhttp://www.taylorfrancis.com/books/9780429494024
942 _cEBOOK
999 _c1823654
_d1823654